|
|
|
|
| LEADER |
00000naa2a2200000 4500 |
| 001 |
632711 |
| 005 |
20251028071619.0 |
| 035 |
|
|
|a (RuTPU)RU\TPU\conf\34433
|
| 035 |
|
|
|a RU\TPU\conf\34432
|
| 090 |
|
|
|a 632711
|
| 100 |
|
|
|a 20210325d2021 k y0rusy50 ca
|
| 101 |
0 |
|
|a rus
|
| 102 |
|
|
|a RU
|
| 105 |
|
|
|a y z 101zy
|
| 135 |
|
|
|a drcn ---uucaa
|
| 181 |
|
0 |
|a i
|
| 182 |
|
0 |
|a b
|
| 200 |
1 |
|
|a Эволюция дефектной структуры наноразмерных мультислоев Zr/Nb при накоплении водорода
|f А. Ломыгин, Р. С. Лаптев, Д. Кроткевич, К. Семек
|
| 203 |
|
|
|a Текст
|c электронный
|
| 300 |
|
|
|a Заглавие с экрана
|
| 320 |
|
|
|a [Библиогр.: с. 36 (2 назв.)]
|
| 338 |
|
|
|b Российский научный фонд
|d 20-79-10343
|
| 463 |
|
0 |
|0 (RuTPU)RU\TPU\conf\34425
|t Водород. Технологии. Будущее
|o сборник тезисов докладов Всероссийской научно-практической конференции, г. Томск, 23-24 декабря 2020 г.
|f Национальный исследовательский Томский политехнический университет (ТПУ) ; под ред. М. С. Юсубова, А. М. Лидера, А. С. Боева
|v [С. 36]
|d 2021
|
| 610 |
1 |
|
|a электронный ресурс
|
| 610 |
1 |
|
|a труды учёных ТПУ
|
| 610 |
1 |
|
|a эволюция
|
| 610 |
1 |
|
|a дефектные структуры
|
| 610 |
1 |
|
|a мультислои
|
| 610 |
1 |
|
|a накопление
|
| 610 |
1 |
|
|a водород
|
| 610 |
1 |
|
|a радиационные повреждения
|
| 610 |
1 |
|
|a конструкционные материалы
|
| 610 |
1 |
|
|a энергия
|
| 610 |
1 |
|
|a позитроны
|
| 701 |
|
1 |
|a Ломыгин
|b А. Д.
|c физик
|c заведующий лабораторией Томского политехнического университета
|f 1997-
|g Антон Дмитриевич
|3 (RuTPU)RU\TPU\pers\44438
|9 21809
|
| 701 |
|
1 |
|a Лаптев
|b Р. С.
|c физик, специалист в области неразрушающего контроля
|c доцент Томского политехнического университета, доктор технических наук
|f 1987-
|g Роман Сергеевич
|y Томск
|3 (RuTPU)RU\TPU\pers\29924
|9 14396
|
| 701 |
|
1 |
|a Кроткевич
|b Д.
|c физик
|c инженер Томского политехнического университета
|f 1990-
|g Дмитрий
|3 (RuTPU)RU\TPU\pers\46797
|
| 701 |
|
1 |
|a Семек
|b К.
|
| 712 |
0 |
2 |
|a Национальный исследовательский Томский политехнический университет
|b Инженерная школа ядерных технологий
|b Отделение экспериментальной физики
|3 (RuTPU)RU\TPU\col\23549
|
| 801 |
|
2 |
|a RU
|b 63413507
|c 20210330
|g RCR
|
| 856 |
4 |
|
|u http://earchive.tpu.ru/handle/11683/64970
|
| 942 |
|
|
|c BK
|